000 01426nam0a22003011 4500
001 rc\3381664
005 20250609223644.0
021 _aRU
_b[69-40216]
035 _a(NLR Aleph) 007534495
090 _a7765155
_c7765155
100 _a20130115d1969 |||y0rusy50 ca
101 0 _arus
102 _aRU
105 _ay z |||||
200 1 _aСтенографический отчет
_fЗаседания Верховного Совета АзССР седьмого созыва (третья сессия) 20-21 мая 1968 г.
210 _aБаку
_cВерховный Совет АзССР
_c[Азернешр]
_d1969
215 _a202 с.
_d22
601 0 2 _aВерховный совет Азербайджанской ССР
_jЗаконы и постановления
_z1968
_2psbo
606 _aСоветы депутатов трудящихся, сельские
_yАзербайджанская ССР
_2psbo
606 _aСоветы депутатов трудящихся, поселковые
_2psbo
606 _aБюджет
_yАзербайджанская ССР
_z1967
_2psbo
606 _aЗдравоохранение
_yАзербайджанская ССР
_2psbo
710 1 2 _aАзербайджанская ССР. Верховный Совет. Созыв (7). Сессия (3)
801 0 _aRU
_bNLR
_gpsbo
801 1 _aRU
_bELAR
_2rusmarc
852 _aNLR
_j69-5/2595
942 _cBOOK
980 _aNB